书目信息 |
| 题名: |
功能基因组学
|
|
| 作者: | 徐子勤 | |
| 分册: | ||
| 出版信息: | 北京 科学出版社 2007 |
|
| 页数: | 596 | |
| 开本: | 26cm | |
| 丛书名: | ||
| 单 册: | ||
| 中图分类: | Q34 | |
| 科图分类: | ||
| 主题词: | 遗传学--分类 | |
| 电子资源: | ||
| ISBN: | 7-03-019052-9 | |
| 000 | 00512nam0 2200181 450 | |
| 001 | 1735846483 | |
| 005 | 20170410095726.48 | |
| 010 | @a7-03-019052-9@d¥88.00 | |
| 100 | @a20170410d km y0chiy0120 ea | |
| 101 | 0 | @achi |
| 200 | 1 | @a功能基因组学@Agong neng ji yin zu xue@f徐子勤@Fxu zi qin |
| 210 | @a北京@c科学出版社@d2007 | |
| 215 | @a596@d26cm | |
| 606 | 0 | @a遗传学@x分类 |
| 690 | @aQ34@v4 | |
| 701 | 0 | @a徐子勤@Axu zi qin |
| 801 | 0 | @aCN@b大连网信软件有限公司图书馆·11@c20170410 |
| 905 | @b6604429@dQ34@en3@f1 | |
| 功能基因组学/徐子勤.-北京:科学出版社,2007 |
| 596;26cm |
| ISBN 7-03-019052-9:¥88.00 |
| ● |
| 相关链接 |
|
|
|
|
正题名:功能基因组学
索取号:Q34/n3
 
预约/预借
| 序号 | 登录号 | 条形码 | 馆藏地/架位号 | 状态 | 备注 |
| 1 | 6604429 | 266044292 | 密集书库-生命科学系/ [索取号:Q34/n3] | 在馆 |